Football Teams Hugo Lloris Played For - Statistics

General Stats
  • This quiz has been taken 70 times
    55 since last reset
  • The average score is 4 of 5
Answer Stats
League Years Team % Correct
England 2012-2024 Tottenham Hotspur
98%
USA 2024- Los Angeles FC
83%
France 2008-2012 Olympique Lyonnais
79%
France 2005-2008 OGC Nice
62%
France 2004-2005 OGC Nice B
62%
No matching quizzes found
Score Distribution
Percent of People with Each Score
Percentile by Number Answered
Your Score History
You have not taken this quiz since the last reset